[Event "Gibraltar Masters"]
[Site "Gibraltar"]
[Date "2011.01.26"]
[Round "2.38"]
[White "Vogel, Jaap"]
[Black "Fier, Alexandr"]
[Result "1/2-1/2"]
[WhiteElo "2207"]
[BlackElo "2571"]
[PlyCount "134"]
[EventDate "2011.01.25"]
[EventRounds "10"]
[EventCountry "ENG"]

1. Nf3 Nf6 2. g3 g6 3. Bg2 Bg7 4. d4 O-O 5. O-O d6 6. c4 Nbd7 7. Nc3 e5 8. dxe5
dxe5 9. h3 c6 10. Be3 Qe7 11. Qc2 Nc5 12. Rad1 Bf5 13. Qc1 a5 14. b3 Rfe8 15.
g4 Bc8 16. Ng5 Ne6 17. Nxe6 Bxe6 18. Bg5 Qf8 19. Be3 Qe7 20. Bg5 Qc7 21. c5 Rf8
22. Rd3 Nd7 23. Na4 Rae8 24. e4 f5 25. f3 Bf6 26. Be3 Bh4 27. Rfd1 Bg3 28. Nb6
Nf6 29. Rd6 Qe7 30. Bg5 fxe4 31. fxe4 Bf4 32. Bxf4 exf4 33. e5 Nxg4 34. hxg4 f3
35. Nd7 Bxd7 36. Rxd7 Qh4 37. Qc4+ Kh8 38. e6 fxg2 39. Qd4+ Rf6 40. Kxg2 Rexe6
41. Rd8+ Kg7 42. Rd7+ Kg8 43. Rd8+ Rf8 44. Rxf8+ Kxf8 45. Qh8+ Kf7 46. Rf1+ Rf6
47. Rxf6+ Qxf6 48. Qxh7+ Ke6 49. Qxb7 Qb2+ 50. Kg3 Qc3+ 51. Kh4 Qf6+ 52. Kg3
Qe5+ 53. Kh4 Qxc5 54. Qc8+ Kf7 55. Qd7+ Kf6 56. Qd2 Qe5 57. Qd8+ Kg7 58. g5 c5
59. Qd7+ Kf8 60. Qd8+ Kf7 61. Qd7+ Qe7 62. Qd5+ Kf8 63. Kg4 Qc7 64. a4 Qb6 65.
Kf4 Ke7 66. Qe5+ Kf7 67. Qd5+ Ke7 1/2-1/2

[Event "Gibraltar Masters"]
[Site "Gibraltar"]
[Date "2011.01.26"]
[Round "2.82"]
[White "Arnott, Jonathan W"]
[Black "Brown, David"]
[Result "1-0"]
[WhiteElo "2176"]
[BlackElo "1923"]
[PlyCount "69"]
[EventDate "2011.01.25"]
[EventRounds "10"]
[EventCountry "ENG"]

1. e4 e5 2. Bc4 Nf6 3. Nc3 Nc6 4. d3 Bb4 5. Nge2 d5 6. exd5 Nxd5 7. O-O Nxc3 8.
Nxc3 Bxc3 9. bxc3 O-O 10. Ba3 Re8 11. Rb1 Qf6 12. Re1 Na5 13. Bd5 Be6 14. Rb5
c6 15. Rxa5 Bxd5 16. c4 b6 17. Ra4 b5 18. cxb5 cxb5 19. Rg4 Qf5 20. c4 bxc4 21.
dxc4 Bc6 22. Qe2 Rad8 23. Bc5 a6 24. Rg3 Qf4 25. Be3 Qe4 26. c5 Bb5 27. Rxg7+
Kh8 28. Qh5 Qc2 29. Qxf7 Rd1 30. Rxh7+ Qxh7 31. Qxh7+ Kxh7 32. Rxd1 Rg8 33. f3
Kg6 34. Rd6+ Kf5 35. g4+ 1-0

[Event "Gibraltar Masters"]
[Site "Gibraltar"]
[Date "2011.01.26"]
[Round "2.97"]
[White "Sommerhalder, Eric"]
[Black "Wright, Jonathan"]
[Result "1-0"]
[WhiteElo "2000"]
[BlackElo "1895"]
[PlyCount "49"]
[EventDate "2011.01.25"]
[EventRounds "10"]
[EventCountry "ENG"]

1. e4 d5 2. exd5 Nf6 3. Bb5+ Bd7 4. Bc4 Bg4 5. f3 Bh5 6. Nc3 Nbd7 7. Nge2 g5 8.
d3 h6 9. Be3 Bg7 10. h4 Ne5 11. Bb5+ Kf8 12. d4 Nxf3+ 13. gxf3 Bxf3 14. Rf1 g4
15. Qd3 a6 16. Bc4 b5 17. Bb3 b4 18. Na4 Nxd5 19. Bxd5 Qxd5 20. Nf4 Qc6 21. Nc5
h5 22. Nfe6+ fxe6 23. Qg6 Bf6 24. Rxf3 gxf3 25. O-O-O 1-0

[Event "Gibraltar Masters"]
[Site "Gibraltar"]
[Date "2011.01.26"]
[Round "2.99"]
[White "Cebada Benitez, Fernando"]
[Black "Reid, Vaness"]
[Result "1-0"]
[WhiteElo "1997"]
[BlackElo "1841"]
[PlyCount "101"]
[EventDate "2011.01.25"]
[EventRounds "10"]
[EventCountry "ENG"]

1. e4 e6 2. d4 d5 3. Nd2 Nf6 4. e5 Nfd7 5. Bd3 c5 6. c3 Nc6 7. Ne2 Qb6 8. Nf3
f6 9. exf6 Nxf6 10. O-O cxd4 11. cxd4 Bd6 12. a3 Bd7 13. Re1 O-O 14. b4 e5 15.
dxe5 Nxe5 16. Ned4 Nfg4 17. Be3 Nxe3 18. Rxe3 Nxd3 19. Qxd3 Bf4 20. Re7 Qd6 21.
Rae1 Rf6 22. Nb5 Bxb5 23. Qxb5 b6 24. Rd7 Qc6 25. Qxd5+ Qxd5 26. Rxd5 Rc6 27.
g3 Bh6 28. Red1 Rf8 29. Rd8 Rcf6 30. Rxf8+ Kxf8 31. Ne5 Re6 32. f4 g5 33. Rd8+
Re8 34. Nd7+ Ke7 35. Rxe8+ Kxe8 36. Nf6+ Kf7 37. Ng4 Bg7 38. fxg5 b5 39. Ne3
Ke6 40. Kf2 Bb2 41. Nc2 Kf5 42. h4 Kg4 43. Kg2 Bc1 44. Kf2 a6 45. Kg2 Bd2 46.
Kf2 Bc1 47. Ne3+ Kh3 48. h5 Bxa3 49. g6 hxg6 50. hxg6 Bb2 51. Nf5 1-0